| 000 | 00345nam a2200121Ia 4500 | ||
|---|---|---|---|
| 008 | 231129s9999||||xx |||||||||||||| ||spa|| | ||
| 040 | _bspa | ||
| 082 | _aU813 S243ca | ||
| 100 | _aSaroyan William | ||
| 245 | 0 | _aCartas desde la rue taitbout o no vayas ; pero si tienes que ir saluda a todo el mundo | |
| 264 | _aPlaza y Janes | ||
| 942 |
_2ddc _cBKS |
||
| 999 |
_c6717 _d6717 |
||